| 000 | 00540nam a22001577a 4500 | ||
|---|---|---|---|
| 003 | OSt | ||
| 005 | 20150906142648.0 | ||
| 008 | 150906b xxu||||| |||| 00| 0 eng d | ||
| 040 | _cRUA | ||
| 082 | _aAGR អៀច 1990 B001 Or.1 | ||
| 100 |
_9107 _aអៀច ធា |
||
| 245 | _aឥទ្ធិពលពូជនិង ចំនួនគុម្ពរុក្ខជាតិទៅលើទិន្នផលផ្លែម្ទេសប្លោក | ||
| 260 |
_aPhnom Penh _bRUA _c1990 |
||
| 300 |
_a134p. _bill. _c29cm. |
||
| 942 |
_2ddc _cAGR |
||
| 999 |
_c99 _d99 |
||